| 000 | 00350nam a2200121Ia 4500 | ||
|---|---|---|---|
| 008 | 210430s9999 xx 000 0 und d | ||
| 082 | _a320 R685 I | ||
| 100 | _aCarlton Clymer Rodee | ||
| 245 |
_aIntroduction to political science _cCarlton Clymer Rodee |
||
| 260 |
_aIslamabad _bNational Book Foundation _c2000 |
||
| 300 | _a559p. | ||
| 942 |
_cBK _2ddc |
||
| 999 |
_c561633 _d561633 |
||